000 00569nam a22001697a 4500
999 _c15278
_d15278
003 OSt
082 _2631.3 SUS/DY
088 _aT 56
100 _aSUSHILENDRA
_92908
245 _aDynamics of power transmission in tractor mounted paddy reaper
260 _aTavanur 1996
_bKelappaji College of Agricultural Engineering and Technology
300 _a154
500 _aDynamics of power transmission in tractor mounted paddy reaper
520 _aDynamics of power transmission in tractor mounted paddy reaper
700 _aDr. M. Sivaswami (Guide)
_92207
942 _cTH